000 00437nam a2200193Ia 4500
005 20240823013439.0
008 240823s9999||||xx |||||||||||||| ||und||
020 _a81-203-0981-2
041 _aENGLISH
082 _A658 P3
100 _a"Stoner,James A F"
245 0 _aManagement
250 _a6th
260 _c2003
_b"PHI,New "
500 _aYES
650 _aManagement
_bManagement Studies
942 _cBK
999 _c167266
_d167266